Statistiche per Riconosci la Provincia - Quiz n°87

Clicka qui per fare il quiz!

Statistiche generali

  • Questo quiz è stato fatto 4 volte
  • Il punteggio medio è 5 su 8

Statistiche sulle risposte

IndizioRisposta% Corretto
Prefisso / Prefissi019, 0182
100%
PresidentePierangelo Oliveri (centro-destra)
100%
Numero province confinanti5
75%
Superficie1 546,29 km²
50%
Popolazione266 519 ab.
50%
Coordinate
del capoluogo
44°18′26.41″N 8°29′50.82″E
50%
Numero comuni69
50%
ProvinciaSavona
25%

Distribuzione punteggi

Percentile per numero di risposta

Percentuale di utenti per punteggio

I tuoi punteggi nel tempo

Non hai fatto questo quiz